000 00919nam a2200301 a 4500
003 CHAP
005 20220329143827.0
008 111019s2011 mx 00010 spa d
010 _a102407
011 _a103379
035 _a114068
040 _cCHAP
090 _aCD-374
100 0 0 _aAragon Cuevas, Flavio.
_96429
245 1 0 _aRazas de maíz en Oaxaca [DVD]
_c/por Flavio Aragón Cuevas
300 _a1 DVD ;
_c4 3/4 plgs.
500 _aVideo duración 25 minutos
590 _aBATCH-UPD
_b10
_c20130110
_lUCH01
_h1237
590 _aBATCH-UPD
_b10
_c20130410
_lUCH01
_h0805
590 _aBATCH-UPD
_b10
_c20130914
_lUCH01
_h1756
590 _aCONVERSION
_b10
_c20130109
_lUCH01
_h1356
650 1 4 _aMaíz
_xGenética.
_970963
650 1 4 _aMaíz
_xVariedades.
_971081
650 1 4 _aMaíz
_zOaxaca.
_971100
901 _aBK
942 _cCD
949 _aCD-374
_bBC
_cCD
_d33724002303355
_eCD
_gDonaciØn
_h374
_i114068
_sb
999 _c102407
_d102407